期刊信息 |
| 索取号 |
Q94/YNZHW
|
| 题名 |
Plant Diversity
|
| 作者 |
Editorial Board of Plant Diversity
|
| 分册号 |
|
| 分册名 |
|
| 出版地 |
Beijing
|
| 出版者 |
Science Press
|
| 标准刊号 |
2096-2703
|
| 出版频率 |
双月刊
|
| 中图法分类 |
Q94
|
| 主题词 |
植物学
|
| 电子资源 | |
| |
|
| 000 | 00785nas0 2200277 45 | |
| 001 | 1633457500 | |
| 005 | 20251113143539.04 | |
| 011 | @a2096-2703@y2095-0845@dCNY30.00(2016) | |
| 091 | @aCN53-1217/Q | |
| 092 | @aCN@b64-11@cBM265 | |
| 100 | @a19900830a20169999k y0chiy0110 eb | |
| 101 | 0 | @aeng@deng |
| 200 | 1 | @aPlant Diversity@fEditorial Board of Plant Diversity |
| 207 | 0 | @aV.38,no.1(2016,1)~ |
| 210 | @aBeijing@cScience Press@d2016~ | |
| 215 | @d26cm | |
| 326 | @a双月刊@b2016~ | |
| 432 | @12001 @a植物分类与资源学报 | |
| 530 | @a植物多样性 | |
| 541 | @a植物多样性@AZhi Wu Duo Yang Xing | |
| 606 | 0 | @a植物学 |
| 676 | @a581@v19 | |
| 690 | @aQ94@v4 | |
| 711 | 02 | @aEditorial Board of Plant Diversity |
| 801 | 0 | @bPFT@c20070409 |
| 905 | @a10447@dQ94@eYNZHW@y2016~ | |
| Plant Diversity/Editorial Board of Plant Diversity.-V.38,no.1(2016,1)~.-Beijing:Science Press,2016~ |
| 26cm |
| ←识别题名:植物多样性 |
| ISSN 2096-2703(ISSN 2095-0845):CNY30.00(2016) |
| ● |
| 相关链接: |
|
|
|
|